Soil Fertility and Fertilizers : an introduction to nutrient management / (Record no. 47494)
[ view plain ]
| 000 -LEADER | |
|---|---|
| fixed length control field | 00712nam a22002417a 4500 |
| 003 - CONTROL NUMBER IDENTIFIER | |
| control field | OSt |
| 008 - FIXED-LENGTH DATA ELEMENTS--GENERAL INFORMATION | |
| fixed length control field | 250205b |||||||| |||| 00| 0 eng d |
| 020 ## - INTERNATIONAL STANDARD BOOK NUMBER | |
| International Standard Book Number | 9789332570344 |
| 082 ## - DEWEY DECIMAL CLASSIFICATION NUMBER | |
| Classification number | 631.42 |
| Item number | H38S |
| 245 ## - TITLE STATEMENT | |
| Title | Soil Fertility and Fertilizers : an introduction to nutrient management / |
| Statement of responsibility, etc. | by John L. Havlin...[et. al.] |
| 250 ## - EDITION STATEMENT | |
| Edition statement | 8th ed. |
| 260 ## - PUBLICATION, DISTRIBUTION, ETC. (IMPRINT) | |
| Place of publication, distribution, etc | .- UP |
| Name of publisher, distributor, etc | : Pearson |
| Date of publication, distribution, etc | , 2023 |
| 300 ## - PHYSICAL DESCRIPTION | |
| Extent | vii,520p. |
| 650 ## - SUBJECT ADDED ENTRY--TOPICAL TERM | |
| Topical term or geographic name as entry element | Technology (Applied Sciences) |
| 650 ## - SUBJECT ADDED ENTRY--TOPICAL TERM | |
| Topical term or geographic name as entry element | Agriculture and Related Technologies |
| 650 ## - SUBJECT ADDED ENTRY--TOPICAL TERM | |
| Topical term or geographic name as entry element | Soil Fertility |
| 650 ## - SUBJECT ADDED ENTRY--TOPICAL TERM | |
| Topical term or geographic name as entry element | Fertilizers |
| 700 ## - ADDED ENTRY--PERSONAL NAME | |
| Personal name | Havlin, John L. |
| 700 ## - ADDED ENTRY--PERSONAL NAME | |
| Personal name | Tisdale, Samuel L. |
| 700 ## - ADDED ENTRY--PERSONAL NAME | |
| Personal name | Nelson, Werner L. |
| 700 ## - ADDED ENTRY--PERSONAL NAME | |
| Personal name | Beaton, James D. |
| 942 ## - ADDED ENTRY ELEMENTS (KOHA) | |
| Source of classification or shelving scheme | |
| Koha item type | Books |
| Withdrawn status | Lost status | Source of classification or shelving scheme | Damaged status | Not for loan | Home library | Current library | Date acquired | Source of acquisition | Cost, normal purchase price | Total Checkouts | Full call number | Barcode | Date last seen | Bill Date | Koha item type | Bill Number |
|---|---|---|---|---|---|---|---|---|---|---|---|---|---|---|---|---|
| Dr. Rajendra Prasad Central Agricultural University Pusa, | Pt. Deen Dayal Upadhyay College of Horticulture and Forestry- Piprakothi | 05/02/2025 | IBPSS, Delhi | 1055.00 | 631.42 H38S | 82543 | 05/02/2025 | 02/01/2025 | Books | IBPS/023/2024-25 | ||||||
| Dr. Rajendra Prasad Central Agricultural University Pusa, | Pt. Deen Dayal Upadhyay College of Horticulture and Forestry- Piprakothi | 05/02/2025 | IBPSS, Delhi | 1055.00 | 631.42 H38S | 82544 | 05/02/2025 | 02/01/2025 | Books | IBPS/023/2024-25 | ||||||
| Dr. Rajendra Prasad Central Agricultural University Pusa, | Pt. Deen Dayal Upadhyay College of Horticulture and Forestry- Piprakothi | 05/02/2025 | IBPSS, Delhi | 1055.00 | 631.42 H38S | 82545 | 05/02/2025 | 02/01/2025 | Books | IBPS/023/2024-25 | ||||||
| Dr. Rajendra Prasad Central Agricultural University Pusa, | Pt. Deen Dayal Upadhyay College of Horticulture and Forestry- Piprakothi | 05/02/2025 | IBPSS, Delhi | 1055.00 | 631.42 H38S | 82546 | 05/02/2025 | 02/01/2025 | Books | IBPS/023/2024-25 | ||||||
| Dr. Rajendra Prasad Central Agricultural University Pusa, | Pt. Deen Dayal Upadhyay College of Horticulture and Forestry- Piprakothi | 05/02/2025 | IBPSS, Delhi | 1055.00 | 631.42 H38S | 82547 | 05/02/2025 | 02/01/2025 | Books | IBPS/023/2024-25 |